000
00235nam a2200097Ia 4500
001
691385
005
20250826161834.0
008
250824s9999 xx 000 0 und d
245
0
_a
HAVASI KAR
_c
KÜBRA BODUR
260
_b
TİMAŞ YAYINLARI
999
_c
691385
_d
691385